Výskum kvality života vo väzbe na program hospodárskeho a sociálneho rozvoja

Prístupy k identifikácii kvality života. Súčasý stav riešenej problematiky. Príklady objektívnych a subjektívnych indikátorov kvality života.

Gespeichert in:
Bibliographische Detailangaben
1. Verfasser: Štofková, Zuzana
Weitere Verfasser: Rostášová, Mária
Format: Buchkapitel
Sprache:Slowakisch
Schlagworte:
Tags: Tag hinzufügen
Keine Tags, Fügen Sie das erste Tag hinzu!

MARC

LEADER 00000naa a2200000 4500
001 0181636
005 20231207075334.8
041 0 |a slo 
044 |a SK 
245 1 0 |a Výskum kvality života vo väzbe na program hospodárskeho a sociálneho rozvoja  |c Zuzana Štofková, Mária Rostášová 
520 |a Prístupy k identifikácii kvality života. Súčasý stav riešenej problematiky. Príklady objektívnych a subjektívnych indikátorov kvality života. 
610 2 0 |a kvalita života 
610 2 0 |a úroveň životná 
610 2 0 |a blahobyt 
610 2 0 |a chudoba 
100 1 |a Štofková, Zuzana 
700 1 |a Rostášová, Mária